| 000 | 004560000a22001810004500 | ||
|---|---|---|---|
| 003 | MACL | ||
| 005 | 20160130123745.0 | ||
| 008 | 160130b xxu||||| |||| 00| 0 eng d | ||
| 040 |
_aMACL _cMACL |
||
| 041 | _aEnglish | ||
| 082 | _a610 | ||
| 100 |
_aBakhru, Dr H K _935889 |
||
| 245 | _aThe complete Handbook of Nature Cure | ||
| 260 |
_bJAICO Publishing House _c2010 _aNoida |
||
| 350 | _a350 | ||
| 650 |
_aMedical Science _935890 |
||
| 942 |
_cBK _k610 _2ddc |
||
| 999 |
_c45795 _d45795 |
||